Infectious and diseases of wild mammals

Bewaard in:
Bibliografische gegevens
Formaat: Boek
Taal:Undetermined
Gepubliceerd in: United States Iowa State University Press 2001
Onderwerpen:
Tags: Voeg label toe
Geen labels, Wees de eerste die dit record labelt!
Thư viện lưu trữ: Trung tâm Học liệu Trường Đại học Cần Thơ
LEADER 00576nam a2200181Ia 4500
001 CTU_102638
008 210402s9999 xx 000 0 und d
020 |c 210.59 
082 |a 639.964 
082 |b I.43 
245 0 |a Infectious and diseases of wild mammals 
245 0 |c Edited by Elizabeth S. Williams and Barker,...[et al.] 
260 |a United States 
260 |b Iowa State University Press 
260 |c 2001 
650 |a Mammals parasitic,Veterinary parasitology,Wildlife diseases 
904 |i M.Loan 
980 |a Trung tâm Học liệu Trường Đại học Cần Thơ